01546cam a2200265 a 450000100100000000500170001000800410002704000350006808200180010310000450012124501270016626000500029330000210034350400550036450503780041965000450079765000450084270000380088770000460092591000340097104900090100595201220101495201270113699900170126300001542820200929164035.0931118s1989 cu b 000 0 spa d aDO-SdBNPbspacDLCdBNPHUdDLC a972.91bD869n1 aDuharte Jiménez, Rafael,d1947-93482010aNacionalidad e historia /cRafael Duharte Jiménez ; edición Nancy Vázquez Vera ; prólogo Pedro Deschamps Chapeaux. aSantiago de Cuba :bEditorial Oriente,c1989. a119 p. ;c21 cm. aIncluye referencias bibliográficas (p. 115-119).0 aNacionalidad e historia -- Cuba bajo la sombra de la cruz -- Santiago visto por un pintor inglés del siglo XIX -- Rebeldía negra e independencia -- Carnaval y plantación -- Una aproximación al periódico santiaguero -- La bandera española -- El ascenso social del negro en el siglo XIX cubano -- La rebeldía esclava en la región oriental de Cuba (1533-1868). 4aSantiago de cuba (cuba)xHistoria934821 4aNegroszCubaxHistoriaySIGLO XIX9348221 aVázquez Vera, Nancyeed.9348231 aDeschamps Chapeaux, Pedroepról.934824 aCatalogación por copia / LC aBNGR 001054708MOaGRbGRcCTd2010-02-08iLF1l0o972.91 D869np15428-10r2020-06-25w2020-06-25y4ZPréstamo en sala 001052728MOaGRbGRcCTd2010-02-08iLF1l0o972.91 D869np15428-20r2020-06-25te.2w2020-06-25y2ZPréstamo interno c14986d14986